[Event "msr2018"]
[Site "?"]
[Date "2018.04.27"]
[Round "9.9"]
[White "Turcan, Richard"]
[Black "Brnusak, Tomas"]
[Result "1-0"]
[BlackElo "1935"]
[WhiteElo "2171"]
[LiveChessVersion "1.4.8"]

1. e4 {[%clk 1:30:57]} c5 {[%clk 1:30:30]} 2. Nf3 {[%clk 1:31:18]} e6
{[%clk 1:30:27]} 3. d4 {[%clk 1:31:40]} cxd4 {[%clk 1:30:39]} 4. Nxd4
{[%clk 1:32:02]} Nc6 {[%clk 1:28:34]} 5. Nc3 {[%clk 1:31:44]} Qc7
{[%clk 1:26:12]} 6. Qd3 {[%clk 1:30:40]} Nf6 {[%clk 1:24:20]} 7. Ndb5 Qb8
{[%clk 1:23:36]} 8. Qg3 {[%clk 1:28:31]} d6 {[%clk 1:21:16]} 9. Be3
{[%clk 1:27:34]} a6 {[%clk 1:19:18]} 10. Nd4 {[%clk 1:27:19]} Nxd4
{[%clk 1:17:02]} 11. Bxd4 {[%clk 1:27:39]} e5 {[%clk 1:16:41]} 12. Bb6
{[%clk 1:18:29]} Be6 {[%clk 1:15:41]} 13. Bd3 {[%clk 1:12:46]} Nd7
{[%clk 1:12:09]} 14. Be3 {[%clk 1:11:52]} Qc7 {[%clk 1:11:01]} 15. O-O
{[%clk 1:10:19]} O-O-O {[%clk 1:07:23]} 16. Rfd1 {[%clk 1:04:29]} Be7
{[%clk 1:04:12]} 17. a4 {[%clk 1:03:09]} Rdg8 {[%clk 1:02:07]} 18. a5
{[%clk 1:00:39]} g5 {[%clk 1:01:25]} 19. Nd5 {[%clk 0:59:13]} Qd8
{[%clk 0:59:23]} 20. Ba7 {[%clk 0:55:13]} g4 {[%clk 0:55:24]} 21. Be2
{[%clk 0:47:31]} Bxd5 {[%clk 0:53:39]} 22. Rxd5 {[%clk 0:36:09]} Nf6
{[%clk 0:52:09]} 23. Rd3 {[%clk 0:35:28]} h5 {[%clk 0:49:21]} 24. Rc3+
{[%clk 0:31:01]} Kd7 {[%clk 0:49:08]} 25. Qe3 {[%clk 0:29:44]} Qa8
{[%clk 0:47:35]} 26. Bb6 {[%clk 0:28:33]} Rc8 {[%clk 0:46:21]} 27. Bc4
{[%clk 0:26:38]} Rhf8 {[%clk 0:44:41]} 28. Bb3 {[%clk 0:26:17]} Rxc3
{[%clk 0:41:38]} 29. Qxc3 {[%clk 0:26:42]} Bd8 {[%clk 0:41:20]} 30. Rd1
{[%clk 0:20:14]} Bxb6 {[%clk 0:31:20]} 31. axb6 {[%clk 0:19:35]} Nxe4
{[%clk 0:29:01]} 32. Qc7+ {[%clk 0:19:32]} 1-0

[Event "msr2018"]
[Site "?"]
[Date "2018.04.27"]
[Round "9.10"]
[White "Gyerpal, Adrian"]
[Black "Zetocha, Adrian"]
[Result "1/2-1/2"]
[BlackElo "2094"]
[WhiteElo "1976"]
[LiveChessVersion "1.4.8"]

1. e4 {[%clk 1:30:51]} d6 {[%clk 1:28:49]} 2. d4 {[%clk 1:30:55]} Nf6
{[%clk 1:29:09]} 3. Nc3 {[%clk 1:30:57]} g6 {[%clk 1:29:30]} 4. Be3
{[%clk 1:31:08]} c6 {[%clk 1:29:49]} 5. h3 {[%clk 1:29:26]} b5 {[%clk 1:29:11]}
6. a3 {[%clk 1:26:15]} Nbd7 {[%clk 1:27:02]} 7. f4 {[%clk 1:24:15]} Qa5
{[%clk 1:22:28]} 8. Qd2 {[%clk 1:16:37]} b4 {[%clk 1:21:55]} 9. Nce2
{[%clk 1:14:35]} Nxe4 {[%clk 1:21:38]} 10. Qxb4 {[%clk 1:13:53]} Qc7
{[%clk 1:20:42]} 11. Qb3 {[%clk 1:02:35]} Ba6 {[%clk 1:15:43]} 12. c3
{[%clk 0:57:30]} Bg7 {[%clk 0:56:33]} 13. Nf3 {[%clk 0:51:44]} O-O
{[%clk 0:55:40]} 14. Qc2 {[%clk 0:45:23]} d5 {[%clk 0:51:24]} 15. Nd2
{[%clk 0:38:48]} Ndf6 {[%clk 0:51:15]} 16. Nxe4 {[%clk 0:38:22]} Nxe4
{[%clk 0:50:50]} 17. g4 {[%clk 0:33:44]} f6 {[%clk 0:44:29]} 18. Bg2
{[%clk 0:26:10]} e5 {[%clk 0:44:05]} 19. Bxe4 {[%clk 0:23:26]} dxe4
{[%clk 0:44:25]} 20. O-O {[%clk 0:21:25]} Bd3 {[%clk 0:39:26]} 21. Qd2
{[%clk 0:19:47]} exf4 {[%clk 0:36:35]} 22. Bxf4 {[%clk 0:19:55]} Qd7
{[%clk 0:36:58]} 23. Rf2 {[%clk 0:18:34]} f5 {[%clk 0:26:54]} 24. g5
{[%clk 0:16:44]} Qd5 {[%clk 0:24:13]} 25. Be3 {[%clk 0:14:28]} Qb5
{[%clk 0:22:03]} 26. Nf4 {[%clk 0:14:01]} Bc4 {[%clk 0:16:06]} 27. b4
{[%clk 0:09:06]} a5 {[%clk 0:15:17]} 28. h4 {[%clk 0:06:16]} axb4
{[%clk 0:13:39]} 29. cxb4 {[%clk 0:06:45]} Rfd8 {[%clk 0:13:44]} 30. Qc3
{[%clk 0:06:23]} Rd6 {[%clk 0:13:18]} 31. Rc2 {[%clk 0:05:38]} Bf7
{[%clk 0:12:23]} 32. Rd2 {[%clk 0:03:20]} Qa4 {[%clk 0:08:06]} 33. Kg2
{[%clk 0:02:32]} Qb3 {[%clk 0:07:25]} 34. Qxb3 {[%clk 0:02:24]} Bxb3
{[%clk 0:07:49]} 35. Ne2 {[%clk 0:01:21]} Kf7 {[%clk 0:07:30]} 36. Kf2
{[%clk 0:01:06]} Bc4 {[%clk 0:05:41]} 37. a4 {[%clk 0:00:47]} Bb5
{[%clk 0:03:28]} 38. Nc3 {[%clk 0:00:41]} Bd3 {[%clk 0:03:36]} 39. Ne2
{[%clk 0:00:37]} Rd5 {[%clk 0:03:02]} 40. Nf4 {[%clk 0:00:36]} Rxd4
{[%clk 0:02:43]} 41. Rad1 {[%clk 0:25:11]} Rxb4 {[%clk 0:26:27]} 42. Nxd3
{[%clk 0:25:32]} exd3 {[%clk 0:26:48]} 43. Rxd3 {[%clk 0:26:00]} Rb2+
{[%clk 0:26:44]} 44. Kf3 {[%clk 0:24:56]} Bf8 {[%clk 0:20:12]} 45. Rd7+
{[%clk 0:20:58]} Kg8 {[%clk 0:18:28]} 1/2-1/2

[Event "msr2018"]
[Site "?"]
[Date "2018.04.27"]
[Round "9.11"]
[White "Sobek, Michal"]
[Black "Vadila, Ondrej"]
[Result "1/2-1/2"]
[BlackElo "2023"]
[WhiteElo "2022"]
[LiveChessVersion "1.4.8"]

1. e4 {[%clk 1:30:56]} c5 {[%clk 1:30:55]} 2. Nf3 {[%clk 1:31:20]} g6
{[%clk 1:31:20]} 3. d4 {[%clk 1:31:41]} cxd4 {[%clk 1:31:45]} 4. Nxd4
{[%clk 1:32:02]} Bg7 {[%clk 1:32:08]} 5. Nc3 {[%clk 1:32:24]} Nc6
{[%clk 1:32:31]} 6. Be3 {[%clk 1:32:46]} Nf6 {[%clk 1:32:51]} 7. Bc4
{[%clk 1:33:01]} Qa5 {[%clk 1:33:11]} 8. O-O {[%clk 1:33:19]} O-O
{[%clk 1:33:34]} 9. Bb3 {[%clk 1:33:29]} d6 {[%clk 1:33:56]} 10. h3
{[%clk 1:33:40]} Bd7 {[%clk 1:34:18]} 11. f4 {[%clk 1:33:48]} Nxd4
{[%clk 1:34:18]} 12. Bxd4 {[%clk 1:33:34]} Bc6 {[%clk 1:34:36]} 13. Nd5
{[%clk 1:32:53]} Bxd5 {[%clk 1:32:48]} 14. exd5 {[%clk 1:33:11]} Nd7
{[%clk 1:30:53]} 15. Bxg7 {[%clk 1:31:43]} Kxg7 {[%clk 1:31:12]} 16. Qd4+
{[%clk 1:32:04]} Kg8 {[%clk 1:31:11]} 17. Rae1 {[%clk 1:32:21]} Rfe8
{[%clk 1:30:54]} 18. Kh1 {[%clk 1:32:13]} Qc5 {[%clk 1:24:38]} 19. Qe4
{[%clk 1:27:54]} Nf6 {[%clk 1:22:21]} 20. Qf3 {[%clk 1:26:59]} a5
{[%clk 1:17:59]} 21. a4 {[%clk 1:26:11]} Rac8 {[%clk 0:56:45]} 22. g4
{[%clk 1:12:02]} Nd7 {[%clk 0:48:58]} 23. Re3 {[%clk 0:48:49]} Qd4
{[%clk 0:40:55]} 24. g5 {[%clk 0:30:58]} Qxb2 {[%clk 0:30:07]} 25. Rfe1
{[%clk 0:21:55]} Nc5 {[%clk 0:28:17]} 26. f5 {[%clk 0:21:09]} Nxb3
{[%clk 0:25:00]} 27. fxg6 {[%clk 0:21:20]} hxg6 {[%clk 0:24:18]} 28. Rf1
{[%clk 0:20:49]} Nd2 {[%clk 0:10:50]} 29. Qxf7+ {[%clk 0:18:32]} Kh8
{[%clk 0:11:19]} 30. Rf4 {[%clk 0:18:45]} Qc1+ {[%clk 0:11:33]} 31. Kg2
{[%clk 0:18:33]} Nf3 {[%clk 0:11:52]} 32. Rfxf3 {[%clk 0:08:54]} Rxc2+
{[%clk 0:08:03]} 33. Kg3 {[%clk 0:07:56]} Qg1+ {[%clk 0:08:11]} 34. Kh4
{[%clk 0:08:09]} Rc4+ {[%clk 0:08:32]} 35. Rf4 {[%clk 0:07:47]} Rxf4+
{[%clk 0:08:16]} 36. Qxf4 {[%clk 0:08:11]} Kg7 {[%clk 0:07:40]} 37. Qd4+
{[%clk 0:07:03]} Kg8 {[%clk 0:08:04]} 38. Qf4 {[%clk 0:01:43]} Kg7
{[%clk 0:08:30]} 39. Qd4+ {[%clk 0:01:26]} Kg8 {[%clk 0:08:55]} 40. Qf4
{[%clk 0:00:32]} Kg7 {[%clk 0:09:16]} 41. Qd4+ {[%clk 0:20:20]} 1/2-1/2

[Event "msr2018"]
[Site "?"]
[Date "2018.04.27"]
[Round "9.12"]
[White "Cedzo, Adam"]
[Black "Sosovicka, Jakub"]
[Result "1/2-1/2"]
[BlackElo "2105"]
[WhiteElo "1703"]
[LiveChessVersion "1.4.8"]

1. e4 {[%clk 1:19:07]} c5 {[%clk 1:30:49]} 2. Nf3 {[%clk 1:19:26]} d6
{[%clk 1:30:53]} 3. d4 {[%clk 1:19:40]} cxd4 {[%clk 1:31:19]} 4. Nxd4
{[%clk 1:20:04]} Nf6 {[%clk 1:31:43]} 5. Nc3 {[%clk 1:19:58]} a6 {[%clk 1:31:47]}
6. g3 {[%clk 1:19:16]} e5 {[%clk 1:26:39]} 7. Nb3 {[%clk 1:16:26]} Be6
{[%clk 1:25:11]} 8. Bg5 {[%clk 1:12:54]} Nbd7 {[%clk 1:23:09]} 9. Nd2
{[%clk 1:09:54]} Rc8 {[%clk 1:17:49]} 10. Rc1 {[%clk 1:04:24]} Be7
{[%clk 1:16:10]} 11. Bg2 {[%clk 0:56:06]} O-O {[%clk 1:12:34]} 12. O-O
{[%clk 0:55:57]} h6 {[%clk 1:06:59]} 13. Be3 {[%clk 0:53:00]} Ng4
{[%clk 0:58:53]} 14. Nd5 {[%clk 0:50:16]} Bxd5 {[%clk 0:49:30]} 15. exd5
{[%clk 0:50:28]} Nxe3 {[%clk 0:49:38]} 16. fxe3 {[%clk 0:50:41]} Qb6
{[%clk 0:50:03]} 17. Nb3 {[%clk 0:44:47]} Bg5 {[%clk 0:44:02]} 18. Rb1
{[%clk 0:43:53]} Bxe3+ {[%clk 0:43:10]} 19. Kh1 {[%clk 0:44:18]} f5
{[%clk 0:20:09]} 20. Bh3 {[%clk 0:39:26]} g6 {[%clk 0:19:00]} 21. g4
{[%clk 0:37:57]} Nf6 {[%clk 0:14:23]} 22. gxf5 {[%clk 0:37:11]} Ne4
{[%clk 0:10:35]} 23. Qg4 {[%clk 0:36:03]} Qb4 {[%clk 0:06:36]} 24. Qg2
{[%clk 0:19:53]} Kh8 {[%clk 0:04:46]} 25. c3 {[%clk 0:12:08]} Qc4
{[%clk 0:04:41]} 26. Rbe1 {[%clk 0:11:51]} Nf2+ {[%clk 0:03:53]} 27. Rxf2
{[%clk 0:12:00]} Bxf2 {[%clk 0:04:17]} 28. Qxf2 {[%clk 0:12:22]} Qxd5+
{[%clk 0:03:34]} 29. Bg2 {[%clk 0:10:48]} Qf7 {[%clk 0:02:27]} 30. Qd2
{[%clk 0:10:05]} Qg7 {[%clk 0:00:53]} 31. Qxd6 {[%clk 0:09:09]} Rxf5
{[%clk 0:00:52]} 32. Bh3 {[%clk 0:09:21]} Rf6 {[%clk 0:00:53]} 33. Qxe5
{[%clk 0:09:42]} Rcf8 {[%clk 0:01:09]} 34. Qd4 {[%clk 0:06:10]} 1/2-1/2

[Event "msr2018"]
[Site "?"]
[Date "2018.04.27"]
[Round "9.13"]
[White "Bochnicka, Vladimir"]
[Black "Kuna, Patrik"]
[Result "1-0"]
[BlackElo "1545"]
[WhiteElo "2043"]
[LiveChessVersion "1.4.8"]

1. e4 {[%clk 1:30:58]} e5 {[%clk 1:30:55]} 2. Nf3 {[%clk 1:31:22]} Nc6
{[%clk 1:31:16]} 3. Bc4 {[%clk 1:31:44]} Bc5 {[%clk 1:31:08]} 4. c3
{[%clk 1:32:03]} Nf6 {[%clk 1:31:14]} 5. d3 {[%clk 1:32:19]} d6 {[%clk 1:31:30]}
6. Nbd2 {[%clk 1:32:13]} a6 {[%clk 1:31:42]} 7. Bb3 {[%clk 1:32:09]} O-O
{[%clk 1:31:12]} 8. Nf1 {[%clk 1:30:32]} Ne7 {[%clk 1:21:21]} 9. Ng3
{[%clk 1:28:53]} Ng6 {[%clk 1:21:20]} 10. O-O {[%clk 1:28:51]} Be6
{[%clk 1:18:08]} 11. d4 {[%clk 1:26:42]} Bxb3 {[%clk 1:13:19]} 12. Qxb3
{[%clk 1:26:23]} exd4 {[%clk 1:07:43]} 13. cxd4 {[%clk 1:25:55]} Bb6
{[%clk 1:05:40]} 14. Re1 {[%clk 1:23:12]} Re8 {[%clk 1:04:55]} 15. h3
{[%clk 1:20:38]} a5 {[%clk 1:00:22]} 16. a4 {[%clk 1:17:53]} Re6 {[%clk 0:56:56]}
17. Ng5 {[%clk 1:10:38]} Re7 {[%clk 0:57:03]} 18. Nf5 {[%clk 1:10:57]} Rd7
{[%clk 0:57:25]} 19. Bd2 {[%clk 0:58:10]} h6 {[%clk 0:56:19]} 20. Nf3
{[%clk 0:54:49]} d5 {[%clk 0:54:44]} 21. e5 {[%clk 0:47:40]} Ne4 {[%clk 0:55:03]}
22. Be3 {[%clk 0:43:09]} Ne7 {[%clk 0:46:23]} 23. N3h4 {[%clk 0:37:56]} Rc8
{[%clk 0:31:49]} 24. Bxh6 {[%clk 0:12:05]} Nxf5 {[%clk 0:27:29]} 25. Nxf5
{[%clk 0:12:20]} gxh6 {[%clk 0:27:17]} 26. Rxe4 {[%clk 0:12:27]} Kh8
{[%clk 0:20:22]} 27. Rh4 {[%clk 0:10:15]} Qg5 {[%clk 0:18:43]} 28. Qf3
{[%clk 0:10:05]} Bxd4 {[%clk 0:17:25]} 29. Rxd4 {[%clk 0:10:01]} Rg8
{[%clk 0:16:17]} 30. Rg4 {[%clk 0:08:14]} Qd8 {[%clk 0:16:02]} 31. Qf4
{[%clk 0:08:12]} Rxg4 {[%clk 0:15:33]} 32. Qxh6+ {[%clk 0:08:07]} Kg8
{[%clk 0:15:52]} 33. hxg4 {[%clk 0:08:29]} Qf8 {[%clk 0:15:59]} 34. Qg5+
{[%clk 0:08:53]} Kh8 {[%clk 0:16:03]} 35. Ra3 {[%clk 0:09:15]} f6
{[%clk 0:16:11]} 36. Rh3+ {[%clk 0:09:06]} Rh7 {[%clk 0:16:30]} 37. Rxh7+
{[%clk 0:09:12]} Kxh7 {[%clk 0:16:51]} 38. Qh5+ {[%clk 0:09:19]} 1-0

[Event "msr2018"]
[Site "?"]
[Date "2018.04.27"]
[Round "9.14"]
[White "Popovic, Martin"]
[Black "Grec, Jan Alexander"]
[Result "1-0"]
[BlackElo "1614"]
[WhiteElo "1897"]
[LiveChessVersion "1.4.8"]

1. e4 {[%clk 1:30:58]} c5 {[%clk 1:30:38]} 2. Nf3 {[%clk 1:31:20]} e6
{[%clk 1:29:30]} 3. d4 {[%clk 1:31:40]} cxd4 {[%clk 1:28:47]} 4. Nxd4
{[%clk 1:32:06]} a6 {[%clk 1:27:45]} 5. Bd3 {[%clk 1:30:23]} Nf6 {[%clk 1:26:59]}
6. O-O {[%clk 1:30:40]} Qc7 {[%clk 1:25:59]} 7. Qe2 {[%clk 1:30:46]} d6
{[%clk 1:25:28]} 8. f4 {[%clk 1:30:38]} Nbd7 {[%clk 1:23:32]} 9. c4
{[%clk 1:30:25]} Be7 {[%clk 1:23:14]} 10. b3 {[%clk 1:30:10]} b6 {[%clk 1:19:38]}
11. Bb2 {[%clk 1:29:39]} Bb7 {[%clk 1:17:27]} 12. Nc3 {[%clk 1:28:34]} Qc5
{[%clk 1:13:33]} 13. Kh1 {[%clk 1:21:54]} Qc7 {[%clk 1:08:21]} 14. Rae1
{[%clk 1:21:24]} Nc5 {[%clk 0:59:43]} 15. Bb1 {[%clk 1:20:07]} h5
{[%clk 0:49:58]} 16. e5 {[%clk 1:07:08]} dxe5 {[%clk 0:49:09]} 17. fxe5
{[%clk 1:07:31]} Ng4 {[%clk 0:48:58]} 18. h3 {[%clk 0:55:01]} Bh4
{[%clk 0:47:45]} 19. Ndb5 {[%clk 0:48:57]} axb5 {[%clk 0:45:09]} 20. Nxb5
{[%clk 0:49:26]} Qc6 {[%clk 0:43:54]} 21. Nd6+ {[%clk 0:49:41]} Kd7
{[%clk 0:40:48]} 22. Rxf7+ {[%clk 0:47:51]} Kd8 {[%clk 0:39:58]} 23. Nxb7+
{[%clk 0:41:28]} Nxb7 {[%clk 0:39:44]} 24. Rd1+ {[%clk 0:39:37]} Ke8
{[%clk 0:39:41]} 25. Bg6 {[%clk 0:39:49]} Rh6 {[%clk 0:39:14]} 26. Rc7+
{[%clk 0:37:10]} 1-0

[Event "msr2018"]
[Site "?"]
[Date "2018.04.27"]
[Round "9.15"]
[White "Valigursky, Michal"]
[Black "Verbytskiy, Patrik"]
[Result "1-0"]
[BlackElo "1838"]
[WhiteElo "1659"]
[LiveChessVersion "1.4.8"]

1. e4 {[%clk 1:30:59]} e5 {[%clk 1:30:50]} 2. f4 {[%clk 1:31:21]} exf4
{[%clk 1:26:04]} 3. Nf3 {[%clk 1:31:39]} Nf6 {[%clk 1:25:58]} 4. Nc3
{[%clk 1:21:29]} d5 {[%clk 1:24:20]} 5. exd5 {[%clk 1:09:59]} Nxd5
{[%clk 1:24:37]} 6. Bc4 {[%clk 1:09:56]} Nxc3 {[%clk 1:22:58]} 7. bxc3
{[%clk 1:10:10]} Qe7+ {[%clk 1:23:07]} 8. Be2 {[%clk 1:02:26]} g6
{[%clk 1:22:41]} 9. O-O {[%clk 1:01:07]} Bg7 {[%clk 1:22:57]} 10. Bb5+
{[%clk 1:01:09]} c6 {[%clk 1:22:11]} 11. Re1 {[%clk 0:59:18]} Be6
{[%clk 1:22:32]} 12. Bc4 {[%clk 0:58:45]} Qc5+ {[%clk 1:22:44]} 13. d4
{[%clk 0:48:01]} Qxc4 {[%clk 1:22:53]} 14. Bxf4 {[%clk 0:46:48]} Qxc3
{[%clk 1:20:03]} 15. Rb1 {[%clk 0:43:38]} b6 {[%clk 1:19:21]} 16. Bd6
{[%clk 0:41:09]} Nd7 {[%clk 1:17:34]} 17. d5 {[%clk 0:38:54]} cxd5
{[%clk 1:17:39]} 18. Qxd5 {[%clk 0:39:03]} O-O-O {[%clk 1:03:31]} 19. Qa8+
{[%clk 0:32:58]} Nb8 {[%clk 1:03:49]} 20. Qxb8+ {[%clk 0:31:43]} Kd7
{[%clk 1:04:11]} 21. Qxa7+ {[%clk 0:31:59]} Kxd6 {[%clk 0:50:49]} 22. Rxb6+
{[%clk 0:30:27]} Qc6 {[%clk 0:51:03]} 23. Rxc6+ {[%clk 0:21:50]} Kxc6
{[%clk 0:51:26]} 24. Rxe6+ {[%clk 0:21:54]} fxe6 {[%clk 0:51:16]} 25. Qxg7
{[%clk 0:22:12]} Rdg8 {[%clk 0:44:11]} 26. Qc3+ {[%clk 0:21:57]} Kb7
{[%clk 0:41:44]} 27. Qb3+ {[%clk 0:20:42]} Kc7 {[%clk 0:42:00]} 28. Qxe6
{[%clk 0:20:17]} Rd8 {[%clk 0:42:29]} 29. Qe7+ {[%clk 0:20:09]} Kb6
{[%clk 0:42:40]} 30. Qb4+ {[%clk 0:20:11]} Kc6 {[%clk 0:43:00]} 31. Ne5+
{[%clk 0:20:35]} 1-0

[Event "msr2018"]
[Site "?"]
[Date "2018.04.27"]
[Round "9.16"]
[White "Bobro, Jan"]
[Black "Ulehla, Jakub"]
[Result "1/2-1/2"]
[BlackElo "1731"]
[WhiteElo "1581"]
[LiveChessVersion "1.4.8"]

1. c4 {[%clk 1:30:54]} c5 {[%clk 1:30:45]} 2. Nc3 {[%clk 1:31:14]} Nc6
{[%clk 1:29:42]} 3. Nf3 {[%clk 1:31:16]} g6 {[%clk 1:30:00]} 4. g3
{[%clk 1:31:00]} Bg7 {[%clk 1:27:59]} 5. Bg2 {[%clk 1:27:28]} d6 {[%clk 1:24:51]}
6. O-O {[%clk 1:25:08]} h5 {[%clk 1:22:07]} 7. h4 {[%clk 1:24:11]} Be6
{[%clk 1:19:51]} 8. d3 {[%clk 1:17:00]} Qc8 {[%clk 1:18:08]} 9. Ng5
{[%clk 1:03:11]} Bd7 {[%clk 1:17:25]} 10. Rb1 {[%clk 0:57:36]} f6
{[%clk 1:13:47]} 11. Nf3 {[%clk 0:55:02]} Bh3 {[%clk 1:13:08]} 12. Bd2
{[%clk 0:49:25]} Bxg2 {[%clk 1:12:15]} 13. Kxg2 {[%clk 0:49:49]} Nh6
{[%clk 1:12:34]} 14. a3 {[%clk 0:47:06]} Nf5 {[%clk 1:11:34]} 15. b4
{[%clk 0:42:10]} Bh6 {[%clk 1:09:05]} 16. Bxh6 {[%clk 0:37:29]} Nxh6
{[%clk 1:09:05]} 17. d4 {[%clk 0:35:13]} cxd4 {[%clk 1:08:56]} 18. Nxd4
{[%clk 0:35:35]} g5 {[%clk 1:09:13]} 19. hxg5 {[%clk 0:30:15]} fxg5
{[%clk 1:09:34]} 20. Nxc6 {[%clk 0:30:10]} bxc6 {[%clk 1:09:36]} 21. Qd4
{[%clk 0:28:20]} Nf7 {[%clk 1:08:36]} 22. Rh1 {[%clk 0:26:57]} Qd7
{[%clk 1:07:14]} 23. Rbd1 {[%clk 0:25:29]} O-O-O {[%clk 1:06:55]} 24. b5
{[%clk 0:21:02]} h4 {[%clk 1:04:09]} 25. bxc6 {[%clk 0:19:19]} Qxc6+
{[%clk 1:04:21]} 26. Qd5 {[%clk 0:19:41]} Qxd5+ {[%clk 1:03:31]} 27. cxd5
{[%clk 0:19:21]} hxg3 {[%clk 1:03:16]} 28. Kxg3 {[%clk 0:19:22]} Kd7
{[%clk 1:02:42]} 1/2-1/2

[Event "msr2018"]
[Site "?"]
[Date "2018.04.27"]
[Round "9.17"]
[White "Kostolansky, Sebastian Lukas"]
[Black "Paluska, Karol"]
[Result "1-0"]
[BlackElo "1377"]
[WhiteElo "2213"]
[LiveChessVersion "1.4.8"]

1. e4 {[%clk 1:30:56]} c6 {[%clk 1:30:55]} 2. d4 {[%clk 1:30:43]} d5
{[%clk 1:31:19]} 3. Nd2 {[%clk 1:31:06]} g6 {[%clk 1:31:37]} 4. c3
{[%clk 1:31:31]} Bg7 {[%clk 1:32:02]} 5. Bd3 {[%clk 1:30:18]} e6 {[%clk 1:30:57]}
6. e5 {[%clk 1:29:29]} Nd7 {[%clk 1:28:41]} 7. f4 {[%clk 1:29:39]} Ne7
{[%clk 1:27:37]} 8. Ngf3 {[%clk 1:29:15]} c5 {[%clk 1:25:55]} 9. O-O
{[%clk 1:28:02]} Nc6 {[%clk 1:25:30]} 10. b3 {[%clk 1:22:55]} Qb6
{[%clk 1:23:12]} 11. Bb2 {[%clk 1:22:52]} Bh6 {[%clk 1:21:14]} 12. g3
{[%clk 1:18:33]} O-O {[%clk 1:21:05]} 13. Qe2 {[%clk 1:16:37]} a6
{[%clk 1:20:03]} 14. Kg2 {[%clk 1:12:41]} Bg7 {[%clk 1:17:32]} 15. g4
{[%clk 0:51:34]} c4 {[%clk 1:10:46]} 16. Bc2 {[%clk 0:50:19]} cxb3
{[%clk 1:07:47]} 17. axb3 {[%clk 0:50:39]} Qc7 {[%clk 1:06:58]} 18. Ba3
{[%clk 0:47:09]} Re8 {[%clk 1:06:29]} 19. h4 {[%clk 0:46:46]} Bf8
{[%clk 1:04:44]} 20. Bb2 {[%clk 0:46:55]} Ne7 {[%clk 1:00:43]} 21. Rh1
{[%clk 0:44:41]} b5 {[%clk 0:56:42]} 22. Bd3 {[%clk 0:41:47]} Bb7
{[%clk 0:55:50]} 23. h5 {[%clk 0:41:41]} Nb6 {[%clk 0:49:58]} 24. hxg6
{[%clk 0:38:15]} fxg6 {[%clk 0:49:43]} 25. Ng5 {[%clk 0:38:19]} Nc6
{[%clk 0:46:41]} 26. Rxh7 {[%clk 0:37:56]} Qxh7 {[%clk 0:45:56]} 27. Nxh7
{[%clk 0:38:21]} Kxh7 {[%clk 0:46:21]} 28. Rh1+ {[%clk 0:38:39]} 1-0

[Event "msr2018"]
[Site "?"]
[Date "2018.04.27"]
[Round "9.19"]
[White "Salgovic, Simon"]
[Black "Stevik, Patrik"]
[Result "1-0"]
[BlackElo "1713"]
[WhiteElo "1789"]
[LiveChessVersion "1.4.8"]

1. e4 {[%clk 1:30:56]} e5 {[%clk 1:30:23]} 2. Nf3 {[%clk 1:31:19]} Nc6
{[%clk 1:30:32]} 3. Bc4 {[%clk 1:31:39]} Nf6 {[%clk 1:30:53]} 4. d3
{[%clk 1:32:06]} Be7 {[%clk 1:31:00]} 5. c3 {[%clk 1:32:34]} O-O {[%clk 1:31:00]}
6. O-O {[%clk 1:32:57]} d5 {[%clk 1:31:09]} 7. exd5 {[%clk 1:33:23]} Nxd5
{[%clk 1:31:16]} 8. Re1 {[%clk 1:33:52]} Bg4 {[%clk 1:31:03]} 9. h3
{[%clk 1:34:19]} Bh5 {[%clk 1:31:15]} 10. Nbd2 {[%clk 1:34:45]} Nb6
{[%clk 1:30:14]} 11. Bb5 {[%clk 1:35:09]} Bd6 {[%clk 1:26:08]} 12. Ne4
{[%clk 1:34:21]} a6 {[%clk 1:12:35]} 13. Bxc6 {[%clk 1:33:31]} bxc6
{[%clk 1:11:34]} 14. Ng3 {[%clk 1:33:19]} Bg6 {[%clk 1:10:43]} 15. Nxe5
{[%clk 1:27:08]} Bxe5 {[%clk 1:07:28]} 16. Rxe5 {[%clk 1:27:24]} Bxd3
{[%clk 0:54:29]} 17. Qf3 f6 {[%clk 0:40:33]} 18. Rc5 {[%clk 1:02:45]} Nd7
{[%clk 0:35:15]} 19. Ra5 {[%clk 0:38:48]} Ne5 {[%clk 0:32:11]} 20. Qf4
{[%clk 0:37:01]} Bg6 {[%clk 0:24:17]} 21. Be3 {[%clk 0:23:21]} Nd3
{[%clk 0:20:44]} 22. Qc4+ {[%clk 0:23:08]} Bf7 {[%clk 0:18:29]} 23. Qxc6
{[%clk 0:22:54]} Nxb2 {[%clk 0:18:27]} 24. Rxa6 {[%clk 0:20:06]} Rxa6
{[%clk 0:18:07]} 25. Qxa6 {[%clk 0:20:29]} Nc4 {[%clk 0:16:42]} 26. Bd4
{[%clk 0:17:14]} Qd5 {[%clk 0:14:18]} 27. Qa7 {[%clk 0:16:30]} h5
{[%clk 0:02:50]} 28. Qxc7 {[%clk 0:13:51]} h4 {[%clk 0:02:26]} 29. Nf1
{[%clk 0:10:35]} Qe4 {[%clk 0:01:04]} 30. a4 {[%clk 0:08:50]} Bd5
{[%clk 0:01:06]} 31. f3 {[%clk 0:09:09]} Qg6 {[%clk 0:01:07]} 32. Kh2
{[%clk 0:08:24]} Re8 {[%clk 0:01:09]} 33. Qd7 {[%clk 0:05:34]} Bxf3
{[%clk 0:00:32]} 34. Ra2 {[%clk 0:05:38]} Be2 35. Qd5+ {[%clk 0:05:01]} Kh8
{[%clk 0:00:31]} 36. Ra1 {[%clk 0:01:35]} Bd3 {[%clk 0:00:32]} 37. Qf3
{[%clk 0:01:32]} Be2 {[%clk 0:00:35]} 38. Qf2 {[%clk 0:01:25]} Qg5
{[%clk 0:00:31]} 39. Re1 {[%clk 0:01:30]} Qh5 {[%clk 0:00:34]} 40. Ne3
{[%clk 0:01:18]} Bd3 {[%clk 0:00:34]} 41. Ng4 {[%clk 0:23:58]} Rxe1
{[%clk 0:18:47]} 42. Qxe1 {[%clk 0:23:01]} Nd6 {[%clk 0:13:06]} 43. Qe6
{[%clk 0:19:48]} Ne4 {[%clk 0:06:56]} 44. c4 {[%clk 0:16:54]} Ng3
{[%clk 0:04:27]} 45. Nxf6 {[%clk 0:14:33]} Nf1+ {[%clk 0:00:36]} 46. Kg1
{[%clk 0:14:44]} Qg6 {[%clk 0:00:31]} 47. Qg8# 1-0

[Event "msr2018"]
[Site "?"]
[Date "2018.04.27"]
[Round "9.20"]
[White "Sandor, Samuel"]
[Black "Havalda, Samuel"]
[Result "1-0"]
[BlackElo "1406"]
[WhiteElo "1603"]
[LiveChessVersion "1.4.8"]

1. d4 {[%clk 1:30:56]} d5 {[%clk 1:30:54]} 2. Nf3 {[%clk 1:31:21]} Nf6
{[%clk 1:31:09]} 3. e3 {[%clk 1:31:34]} c5 {[%clk 1:30:54]} 4. c3
{[%clk 1:31:41]} Nc6 {[%clk 1:30:34]} 5. Bd3 {[%clk 1:31:33]} Bg4
{[%clk 1:30:05]} 6. Nbd2 {[%clk 1:30:22]} e5 {[%clk 1:29:25]} 7. dxe5
{[%clk 1:29:02]} Nxe5 {[%clk 1:29:28]} 8. Be2 {[%clk 1:23:18]} Ng6
{[%clk 1:21:09]} 9. O-O {[%clk 1:15:48]} Bd6 {[%clk 1:16:39]} 10. b3
{[%clk 1:10:58]} O-O {[%clk 1:11:40]} 11. Qc2 {[%clk 1:08:53]} a6
{[%clk 1:02:10]} 12. Bb2 {[%clk 1:05:40]} b5 {[%clk 0:54:32]} 13. Rad1
{[%clk 0:59:48]} c4 {[%clk 0:50:44]} 14. Rfe1 {[%clk 0:52:51]} Nd7
{[%clk 0:43:23]} 15. e4 {[%clk 0:47:07]} dxe4 {[%clk 0:41:37]} 16. Nxe4
{[%clk 0:43:58]} cxb3 {[%clk 0:41:00]} 17. axb3 {[%clk 0:43:27]} Bc7
{[%clk 0:38:48]} 18. c4 {[%clk 0:36:20]} Rb8 {[%clk 0:32:27]} 19. Qc3
{[%clk 0:33:24]} f6 {[%clk 0:31:31]} 20. c5 {[%clk 0:31:27]} a5 {[%clk 0:27:29]}
21. c6 {[%clk 0:29:43]} Bxf3 {[%clk 0:24:23]} 22. Bxf3 {[%clk 0:26:25]} Be5
{[%clk 0:21:11]} 23. Qc2 {[%clk 0:26:09]} Bxh2+ {[%clk 0:18:34]} 24. Kh1
{[%clk 0:22:23]} Be5 {[%clk 0:17:21]} 25. Rxd7 {[%clk 0:22:02]} Qc8
{[%clk 0:15:06]} 26. Nc5 {[%clk 0:20:32]} Bxb2 {[%clk 0:14:41]} 27. Bd5+
{[%clk 0:20:32]} Kh8 {[%clk 0:14:29]} 28. Qxb2 {[%clk 0:20:24]} Ne5
{[%clk 0:12:57]} 29. Rxe5 {[%clk 0:19:15]} fxe5 {[%clk 0:10:38]} 30. Qxe5
{[%clk 0:19:20]} Rg8 {[%clk 0:10:17]} 31. Bxg8 {[%clk 0:19:31]} Qxg8
{[%clk 0:10:30]} 32. Qxb8 {[%clk 0:19:13]} Qxb8 {[%clk 0:07:48]} 33. c7
{[%clk 0:19:31]} Qxc7 {[%clk 0:04:25]} 34. Rxc7 {[%clk 0:19:53]} 1-0